<?xml version="1.0" encoding="UTF-8"?>
<record
    xmlns:xsi="http://www.w3.org/2001/XMLSchema-instance"
    xsi:schemaLocation="http://www.loc.gov/MARC21/slim http://www.loc.gov/standards/marcxml/schema/MARC21slim.xsd"
    xmlns="http://www.loc.gov/MARC21/slim">

  <leader>01372nam a22002657a 4500</leader>
  <controlfield tag="005">20170124102926.0</controlfield>
  <datafield tag="010" ind1=" " ind2=" ">
    <subfield code="a">A-440257</subfield>
  </datafield>
  <datafield tag="020" ind1=" " ind2=" ">
    <subfield code="c">100.00</subfield>
  </datafield>
  <datafield tag="035" ind1=" " ind2=" ">
    <subfield code="a">A-440257</subfield>
  </datafield>
  <datafield tag="037" ind1=" " ind2=" ">
    <subfield code="b">Cen Lib/Ret</subfield>
  </datafield>
  <datafield tag="040" ind1=" " ind2=" ">
    <subfield code="a">DPL</subfield>
    <subfield code="b">HN</subfield>
  </datafield>
  <datafield tag="082" ind1=" " ind2=" ">
    <subfield code="a">828.08</subfield>
    <subfield code="b">&#x930;&#x93E;&#x92E;&#x91A;</subfield>
  </datafield>
  <datafield tag="245" ind1=" " ind2=" ">
    <subfield code="a">&#x930;&#x93E;&#x92E;&#x91A;&#x928;&#x94D;&#x926;&#x94D;&#x930; &#x936;&#x941;&#x915;&#x94D;&#x932; :</subfield>
    <subfield code="c">&#x938;&#x92E;&#x94D;&#x92A;&#x93E;&#x926;&#x915; &#x936;&#x936;&#x93F;&#x92D;&#x942;&#x937;&#x923; &#x938;&#x93F;&#x902;&#x939;&#x932; [&#x914;&#x930;] &#x92A;&#x941;&#x937;&#x94D;&#x92A;&#x93E; &#x92C;&#x902;&#x938;&#x932; </subfield>
    <subfield code="b">&#x906;&#x91A;&#x93E;&#x930;&#x94D;&#x92F; &#x930;&#x93E;&#x92E;&#x91A;&#x928;&#x94D;&#x926;&#x94D;&#x930; &#x936;&#x941;&#x915;&#x94D;&#x932; &#x915;&#x947; &#x92C;&#x939;&#x941;&#x92E;&#x93F;&#x916;&#x940; &#x915;&#x943;&#x924;&#x93F;&#x924;&#x94D;&#x935; &#x915;&#x93E; &#x938;&#x930;&#x94D;&#x935;&#x93E;&#x917;&#x940;&#x923; &#x935;&#x93F;&#x935;&#x947;&#x91A;&#x928; /</subfield>
  </datafield>
  <datafield tag="246" ind1=" " ind2=" ">
    <subfield code="a">Ramchandra Shukal : acharya Ramchandra Shukal ke bahumukhi krititv ka sarvangeen vivechan /</subfield>
    <subfield code="b">sampadak Shashibhushan Sinhal [or] Pushpa Bansal</subfield>
  </datafield>
  <datafield tag="260" ind1=" " ind2=" ">
    <subfield code="a">&#x928;&#x92F;&#x940; &#x926;&#x93F;&#x932;&#x94D;&#x932;&#x940; </subfield>
    <subfield code="b">&#x926;&#x93F;&#x917;&#x94D;&#x926;&#x930;&#x94D;&#x936;&#x928;&#x91A;&#x930;&#x923; &#x91C;&#x948;&#x928; </subfield>
    <subfield code="c">1986</subfield>
  </datafield>
  <datafield tag="270" ind1=" " ind2=" ">
    <subfield code="a">4662/21, &#x926;&#x930;&#x92F;&#x93E;&#x917;&#x902;&#x91C; </subfield>
    <subfield code="b">&#x928;&#x92F;&#x940; &#x926;&#x93F;&#x932;&#x94D;&#x932;&#x940; </subfield>
    <subfield code="e">110002</subfield>
  </datafield>
  <datafield tag="300" ind1=" " ind2=" ">
    <subfield code="a">260&#x92A;&#x943;.</subfield>
    <subfield code="c">19&#x938;&#x947;&#x92E;&#x940;(&#x938;&#x91C;&#x93F;&#x932;&#x94D;&#x926; ) </subfield>
  </datafield>
  <datafield tag="650" ind1=" " ind2=" ">
    <subfield code="a">&#x939;&#x93F;&#x902;&#x926;&#x940; &#x938;&#x93E;&#x939;&#x93F;&#x924;&#x94D;&#x92F; </subfield>
    <subfield code="z"> </subfield>
    <subfield code="9">43544</subfield>
  </datafield>
  <datafield tag="650" ind1=" " ind2=" ">
    <subfield code="a">&#x939;&#x93F;&#x902;&#x926;&#x940; &#x909;&#x92A;&#x928;&#x94D;&#x92F;&#x93E;&#x938; </subfield>
    <subfield code="v"> </subfield>
    <subfield code="9">105944</subfield>
  </datafield>
  <datafield tag="650" ind1=" " ind2=" ">
    <subfield code="a">Hindi literature</subfield>
    <subfield code="9">105945</subfield>
  </datafield>
  <datafield tag="650" ind1=" " ind2=" ">
    <subfield code="a">Hindi fiction</subfield>
    <subfield code="9">27248</subfield>
  </datafield>
  <datafield tag="700" ind1=" " ind2=" ">
    <subfield code="a">&#x938;&#x93F;&#x902;&#x939;&#x932;, &#x936;&#x93E;&#x936;&#x93F;&#x92D;&#x942;&#x937;&#x923; </subfield>
    <subfield code="9">105946</subfield>
  </datafield>
  <datafield tag="700" ind1=" " ind2=" ">
    <subfield code="a">&#x92C;&#x902;&#x938;&#x932;, &#x92A;&#x941;&#x937;&#x94D;&#x92A;&#x93E; </subfield>
    <subfield code="9">105947</subfield>
  </datafield>
  <datafield tag="942" ind1=" " ind2=" ">
    <subfield code="2">ddc</subfield>
    <subfield code="c">HN</subfield>
    <subfield code="k">828.08</subfield>
    <subfield code="m">&#x930;&#x93E;&#x92E;&#x91A;</subfield>
  </datafield>
  <datafield tag="999" ind1=" " ind2=" ">
    <subfield code="c">111576</subfield>
    <subfield code="d">111576</subfield>
  </datafield>
  <datafield tag="952" ind1=" " ind2=" ">
    <subfield code="0">0</subfield>
    <subfield code="1">0</subfield>
    <subfield code="4">0</subfield>
    <subfield code="7">0</subfield>
    <subfield code="a">L</subfield>
    <subfield code="b">L</subfield>
    <subfield code="d">2015-08-03</subfield>
    <subfield code="e">Cen Lib/Ret</subfield>
    <subfield code="g">100.00</subfield>
    <subfield code="l">0</subfield>
    <subfield code="o">828.08 &#x930;&#x93E;&#x92E;&#x91A;</subfield>
    <subfield code="p">A-440257</subfield>
    <subfield code="r">2015-08-03 00:00:00</subfield>
    <subfield code="t">1</subfield>
    <subfield code="v">100.00</subfield>
    <subfield code="w">2015-08-03</subfield>
    <subfield code="y">HN</subfield>
  </datafield>
</record>
